Liedtext-DragonballZ-Cha-la Head Cha-la - Statistiken

Allgemein
  • Dieses Quiz wurde 177 mal gespielt
  • Das Durchschnittsergebnis liegt bei 91 aus 136
Antwortstatistiken
Antwort % Korrekt
Cha-la
96%
du
90%
head
87%
Wir
84%
wir
84%
kann
78%
das
77%
in
77%
sie
77%
sind
77%
wei
77%
dein
75%
den
75%
die
74%
Feuer
74%
Weg
73%
zu
73%
dir
72%
kannst
72%
es
71%
uns
71%
wird
71%
Kampf
70%
gehn
67%
nicht
67%
so
67%
frei
66%
gehn
66%
hier
66%
ich
65%
immer
65%
ist
65%
unser
65%
wie
65%
irgendwann
64%
noch
64%
schaffen
64%
brennt
63%
Dragonballz
63%
hast
63%
unsre
63%
weiß
63%
bereit
62%
fliegen
62%
höher
62%
sehn
62%
Ziel
61%
auf
60%
bestehn
60%
müssen
60%
vorbei
60%
Welt
60%
Eis
59%
nichts
59%
Erfüllung
58%
oben
58%
bald
57%
der
57%
erreicht
57%
geschehen
57%
Traum
57%
untergehn
57%
zerbricht
57%
niemals
55%
Gib
54%
Kraft
54%
denn
53%
dich
53%
Erde
53%
jei
53%
jeiiiiiiit
53%
Siehst
53%
sonst
52%
unseren
52%
führt
51%
Doch
50%
doch
50%
Macht
49%
Wunsch
48%
alles
47%
bebt
46%
deiner
45%
Seele
45%
wahr
43%
spürst
42%
tief
42%
wohnt
42%
Herz
37%
zutun
34%
öffne
25%
Keine übereinstimmenden Quizze gefunden
Verteilung der Resultate
Anzahl Personen mit jedem Resultat
Perzentil nach korrekt beantworteten Fragen
Ihre Resultats-Entwicklung
Sie haben dieses Quiz noch nicht gespielt